BDR2 - Statistiques

Statistiques générales
  • Ce quiz a été pris 8 fois
    7 depuis la dernière actualisation
  • Le résultat moyen est 20 sur 29
Statistiques - réponses
questions réponse % Correct
condensation épi coelomique entre mésentère et corps de wolff à l'origine de la gonade indifférenciée fin S FIN S5
100%
Migration CGP et différenciation J J28
100%
distinction corticosurrénale et gonade bipotentielle J J32
100%
stock definitif de follicules primordiaux observés à M M3
100%
CGP apparaissent à proximité du diverticule allantoïdien S S3
100%
Formation canaux de wolff S S4
100%
Formation crêtes génitales à partir épaississement épi. coelomique S S5
100%
Migration CGP vers crêtes génitales S S5
100%
DEV crêtes génitales à partir épi coelomique S S6
100%
Détermination testiculaire S S6
100%
Détermination ovarienne S S7
100%
mise en place stéroïdogenèse par cellules surrénaliennes S S8
100%
production AMH S S8
100%
mise en place stéroïdogenèse testiculaire S S9
100%
production testo S S9
100%
dev phénotype gonadique féminin : formation ovaire, dev utérus, diff OGE et régression wolff car pas testo SG 10 SG
50%
dev phénotype gonadique mascu : migration CG SG 5/6 SG
50%
dev phénotype gonadique féminin : migration CG SG 5/6 SG
50%
dev phénotype gonadique mascu : dev testicules SG 6/8 SG
50%
dev phénotype gonadique féminin : pas sécrétion AMH dév canaux muller SG 7/8 SG
50%
mise en place sexe génétique J J0
50%
Région moyenne crête génitale forme ébauche génitale entre S ET S S4 ET S6
50%
Formation mésonèphros (S + J) S4 + J28
50%
Coexistence 2 systèmes de conduits génitaux (canaux wolff & muller) s'abouchent sinus urogénital S S6
50%
dev phénotype gonadique féminin : diff ovarienne + dev vaginal continue jusqu'au T T2
50%
régression quasi complète muller SG 11/12 SG
0%
dev phénotype gonadique mascu : descente testicules abdo vers bourses continue jusqu'au T3 SG 12/36 SG
0%
dev phénotype gonadique mascu : régressions muller et diff wolff et diff OGE grâce à AMH et testo SG 7/8 SG
0%
dev phénotype gonadique féminin : dev vagin SG 9 SG
0%
Aucun quiz correspondant
Distribution des résultats
% des personnes avec chaque résultat
Percentile par nombre de réponses
Votre historique - résultats
Vous n’avez pas pris ce quiz depuis la dernière actualisation